Datum a čas kvízu
21
Celkem bodů
Celkový počet nahraných bodů na tomto kvízu bez doplňovacích otázek.
7.
Pořadí na kvízu
Konečné umístění týmu na tomto kvízu.
Zaznamenané odpovědi
| # | Otázka | Odpověď | Body | Výsledky |
|---|---|---|---|---|
| 1. | Které všeobecně známé tradiční... | pochodu Praha - Prčice | 1 | |
| 2. | Slovensko má první úřednickou... | Ľudovít Ódor | 0 | |
| 3. | Minulý týden jsme se dozvěděli... | na Staroměstském orloji | 0 | |
| 4. | Staropramen minulý týden předs... | Orlando Bloom | 0 | |
| 5. | Fotbalová Liga mistrů zná od s... | Inter Milán, Manchester City | 0 | |
| 6. | Ve třetím díle našeho cyklu si... | zúčtování | 1 | |
| 7. | Kriminální drama s prvky černé... | 1A 2C 3B 4D | 1 | |
| 8. | Kdo z níže uvedených označil f... | C | 0 | |
| 9. | Dalším v pořadí je první díl J... | 9 členů | 0 | |
| 10. | Patnáctku nejlepších filmů uza... | Nový Zéland | 0 |